A Study of Shariah- Compilance Criteria and Determinants of Leverage for Islamic Stocks / (Record no. 526529)
[ view plain ]
| 000 -LEADER | |
|---|---|
| fixed length control field | 00592nam a22001937a 4500 |
| 003 - CONTROL NUMBER IDENTIFIER | |
| control field | NUST |
| 005 - DATE AND TIME OF LATEST TRANSACTION | |
| control field | 20190712112428.0 |
| 008 - FIXED-LENGTH DATA ELEMENTS--GENERAL INFORMATION | |
| fixed length control field | 190712b ||||| |||| 00| 0 eng d |
| 020 ## - INTERNATIONAL STANDARD BOOK NUMBER | |
| Qualifying information | Hardcover. |
| 038 ## - RECORD CONTENT LICENSOR | |
| Staff Name | Mr.Zahoor |
| 082 ## - DEWEY DECIMAL CLASSIFICATION NUMBER | |
| Classification number | 658.15 |
| 100 ## - MAIN ENTRY--PERSONAL NAME | |
| Personal name | Khan, Noor- Us- Sabbah |
| 9 (RLIN) | 17545 |
| 245 ## - TITLE STATEMENT | |
| Title | A Study of Shariah- Compilance Criteria and Determinants of Leverage for Islamic Stocks / |
| Statement of responsibility, etc. | Noor- Us- Sabbah Khan |
| 260 ## - PUBLICATION, DISTRIBUTION, ETC. | |
| Place of publication, distribution, etc. | Islamabad : |
| Name of publisher, distributor, etc. | NBS - NUST, |
| Date of publication, distribution, etc. | 2014. |
| 300 ## - PHYSICAL DESCRIPTION | |
| Extent | 35 p. ; |
| Dimensions | 30cm. |
| 650 ## - SUBJECT ADDED ENTRY--TOPICAL TERM | |
| Topical term or geographic name entry element | Finance - MS Thesis |
| 9 (RLIN) | 17546 |
| 700 ## - ADDED ENTRY--PERSONAL NAME | |
| Personal name | Dr.Salim Batla |
| 9 (RLIN) | 17547 |
| 942 ## - ADDED ENTRY ELEMENTS (KOHA) | |
| Source of classification or shelving scheme | |
| Koha item type | Thesis |
| Withdrawn status | Lost status | Source of classification or shelving scheme | Damaged status | Not for loan | Permanent Location | Current Location | Shelving location | Date acquired | Full call number | Barcode | Date last seen | Price effective from | Koha item type |
|---|---|---|---|---|---|---|---|---|---|---|---|---|---|
| Central Library (CL) | Central Library (CL) | Thesis | 07/12/2019 | 658.15 | CL-T-2359 | 07/17/2019 | 07/12/2019 | Thesis | |||||
| Central Library (CL) | Central Library (CL) | Thesis | 10/24/2019 | 658.15 | CL-T-3842 | 10/24/2019 | 10/24/2019 | Thesis | |||||
| Central Library (CL) | Central Library (CL) | Thesis | 10/24/2019 | 658.15 | CL-T-3843 | 10/24/2019 | 10/24/2019 | Thesis |
